<?xml version="1.0" encoding="UTF-8"?>
<record
    xmlns:xsi="http://www.w3.org/2001/XMLSchema-instance"
    xsi:schemaLocation="http://www.loc.gov/MARC21/slim http://www.loc.gov/standards/marcxml/schema/MARC21slim.xsd"
    xmlns="http://www.loc.gov/MARC21/slim">

  <leader>00827nam a2200229   4500</leader>
  <controlfield tag="005">20150224125143.0</controlfield>
  <controlfield tag="008">150224b        mx||||| |||| 00| 0 spa d</controlfield>
  <datafield tag="020" ind1=" " ind2=" ">
    <subfield code="a">9683616348</subfield>
  </datafield>
  <datafield tag="050" ind1="0" ind2="4">
    <subfield code="a">QK605.9.M4</subfield>
    <subfield code="b">P47 1991</subfield>
  </datafield>
  <datafield tag="100" ind1="1" ind2=" ">
    <subfield code="a">P&#xE9;rez Silva, Evangelina</subfield>
  </datafield>
  <datafield tag="245" ind1="1" ind2="0">
    <subfield code="a">Iconograf&#xED;a de macromicetos de M&#xE9;xico</subfield>
    <subfield code="c"> Evangelina P&#xE9;rez Silva, Te&#xF3;filo Herrera Su&#xE1;rez</subfield>
  </datafield>
  <datafield tag="250" ind1=" " ind2=" ">
    <subfield code="a">1a ed.</subfield>
  </datafield>
  <datafield tag="260" ind1=" " ind2=" ">
    <subfield code="a">M&#xE9;xico :</subfield>
    <subfield code="b">Universidad Nacional Aut&#xF3;noma de M&#xE9;xico, Instituto de Biolog&#xED;a,</subfield>
    <subfield code="c">1991</subfield>
  </datafield>
  <datafield tag="300" ind1=" " ind2=" ">
    <subfield code="a">v. :</subfield>
    <subfield code="b">il. ;</subfield>
    <subfield code="c">23 cm.</subfield>
  </datafield>
  <datafield tag="490" ind1="0" ind2=" ">
    <subfield code="a">Publicaciones Especiales</subfield>
    <subfield code="v">no. 6</subfield>
  </datafield>
  <datafield tag="504" ind1=" " ind2=" ">
    <subfield code="a">Incluye bibliograf&#xED;a, glosario e &#xED;ndices</subfield>
  </datafield>
  <datafield tag="505" ind1="1" ind2=" ">
    <subfield code="a">Contenido : v. 1 Amanita</subfield>
  </datafield>
  <datafield tag="650" ind1=" " ind2="7">
    <subfield code="2">Lemb</subfield>
    <subfield code="a">Hongos</subfield>
    <subfield code="z"> M&#xE9;xico</subfield>
    <subfield code="z">Estado de M&#xE9;xico</subfield>
  </datafield>
  <datafield tag="650" ind1=" " ind2="4">
    <subfield code="a">Macromicetos</subfield>
    <subfield code="z">M&#xE9;xico</subfield>
  </datafield>
  <datafield tag="700" ind1="1" ind2=" ">
    <subfield code="a">Herrera Su&#xE1;rez, Te&#xF3;filo</subfield>
    <subfield code="e">coaut.</subfield>
  </datafield>
  <datafield tag="942" ind1=" " ind2=" ">
    <subfield code="2">lcc</subfield>
    <subfield code="c">LIB</subfield>
  </datafield>
  <datafield tag="999" ind1=" " ind2=" ">
    <subfield code="c">88960</subfield>
    <subfield code="d">88960</subfield>
  </datafield>
  <datafield tag="952" ind1=" " ind2=" ">
    <subfield code="1">0</subfield>
    <subfield code="2">lcc</subfield>
    <subfield code="4">0</subfield>
    <subfield code="7">8</subfield>
    <subfield code="a">LIC-032</subfield>
    <subfield code="b">LIC-032</subfield>
    <subfield code="c">GENERAL</subfield>
    <subfield code="d">2015-02-24</subfield>
    <subfield code="e">UA</subfield>
    <subfield code="f">1a</subfield>
    <subfield code="i">CBA</subfield>
    <subfield code="k">CNE</subfield>
    <subfield code="o">QK605.9.M4 P47 1991</subfield>
    <subfield code="p">BFB000001164</subfield>
    <subfield code="r">2015-02-24 00:00:00</subfield>
    <subfield code="t">C:1 V:1</subfield>
    <subfield code="y">LIB</subfield>
  </datafield>
  <datafield tag="952" ind1=" " ind2=" ">
    <subfield code="1">0</subfield>
    <subfield code="2">lcc</subfield>
    <subfield code="4">0</subfield>
    <subfield code="7">0</subfield>
    <subfield code="a">LIC-032</subfield>
    <subfield code="b">LIC-032</subfield>
    <subfield code="c">GENERAL</subfield>
    <subfield code="d">2015-12-15</subfield>
    <subfield code="f">1a. ed.</subfield>
    <subfield code="i">CBA</subfield>
    <subfield code="k">CNE</subfield>
    <subfield code="o">QK605.9.M4 P47 1991</subfield>
    <subfield code="p">BFB000002760</subfield>
    <subfield code="r">2015-12-15 00:00:00</subfield>
    <subfield code="t">C:2 V.1</subfield>
    <subfield code="y">LIB</subfield>
  </datafield>
  <datafield tag="952" ind1=" " ind2=" ">
    <subfield code="1">0</subfield>
    <subfield code="2">lcc</subfield>
    <subfield code="4">0</subfield>
    <subfield code="7">0</subfield>
    <subfield code="a">LIC-032</subfield>
    <subfield code="b">LIC-032</subfield>
    <subfield code="c">GENERAL</subfield>
    <subfield code="d">2015-12-15</subfield>
    <subfield code="f">1a. ed.</subfield>
    <subfield code="i">CBA</subfield>
    <subfield code="k">CNE</subfield>
    <subfield code="o">QK605.9.M4 P47 1991</subfield>
    <subfield code="p">BFB000002759</subfield>
    <subfield code="r">2015-12-15 00:00:00</subfield>
    <subfield code="t">C:3 V.1</subfield>
    <subfield code="y">LIB</subfield>
  </datafield>
  <datafield tag="952" ind1=" " ind2=" ">
    <subfield code="1">0</subfield>
    <subfield code="2">lcc</subfield>
    <subfield code="4">0</subfield>
    <subfield code="7">0</subfield>
    <subfield code="a">LIC-032</subfield>
    <subfield code="b">LIC-032</subfield>
    <subfield code="c">GENERAL</subfield>
    <subfield code="d">2015-12-15</subfield>
    <subfield code="f">1a. ed.</subfield>
    <subfield code="i">CBA</subfield>
    <subfield code="k">CNE</subfield>
    <subfield code="o">QK605.9.M4 P47 1991</subfield>
    <subfield code="p">BFB000002758</subfield>
    <subfield code="r">2015-12-15 00:00:00</subfield>
    <subfield code="t">C:4 V.1</subfield>
    <subfield code="y">LIB</subfield>
  </datafield>
  <datafield tag="952" ind1=" " ind2=" ">
    <subfield code="1">0</subfield>
    <subfield code="2">lcc</subfield>
    <subfield code="4">0</subfield>
    <subfield code="7">0</subfield>
    <subfield code="a">LIC-032</subfield>
    <subfield code="b">LIC-032</subfield>
    <subfield code="c">GENERAL</subfield>
    <subfield code="d">2015-12-15</subfield>
    <subfield code="f">1a. ed.</subfield>
    <subfield code="i">CBA</subfield>
    <subfield code="k">CNE</subfield>
    <subfield code="l">2</subfield>
    <subfield code="o">QK605.9.M4 P47 1991</subfield>
    <subfield code="p">BFB000002757</subfield>
    <subfield code="r">2022-05-13 00:00:00</subfield>
    <subfield code="s">2022-05-11</subfield>
    <subfield code="t">C:5 V.1</subfield>
    <subfield code="y">LIB</subfield>
  </datafield>
</record>
